Stratégia trvalo udržateľného rozvoja vidieckych regiónov a sídiel
Uložené v:
| Hlavný autor: | |
|---|---|
| Médium: | Kniha |
| Jazyk: | Slovak |
| Vydavateľské údaje: |
Bratislava
Výskumný ústav ekonomiky poľnohospodárstva a potravinárstva
2005
|
| Edícia: | Štúdia
č. 102//2005 |
| Predmet: | |
| Tagy: |
Žiadne tagy, Buďte prvý, kto otaguje tento záznam!
|
MARC
| LEADER | 00000nam$a2200000$$$4500 | ||
|---|---|---|---|
| 001 | 0050444 | ||
| 005 | 20240223110431.4 | ||
| 020 | |a 80-8058-404-4 | ||
| 041 | 0 | |a slo | |
| 044 | |a SK | ||
| 245 | 1 | 0 | |a Stratégia trvalo udržateľného rozvoja vidieckych regiónov a sídiel |c Ľubica Srnková |
| 264 | 1 | |a Bratislava |b Výskumný ústav ekonomiky poľnohospodárstva a potravinárstva |c 2005 | |
| 300 | |a 38 s. | ||
| 490 | 1 | |a Štúdia |v č. 102//2005 | |
| 830 | 0 | |a Štúdia |v č. 102//2005 | |
| 610 | 2 | 0 | |a vidiek |
| 610 | 2 | 0 | |a rozvoj regionálny |
| 610 | 2 | 0 | |a rozvoj trvalo udržateľný |
| 610 | 2 | 0 | |a obyvateľstvo |
| 610 | 2 | 0 | |a štruktúra sociálna |
| 610 | 2 | 0 | |a vývoj |
| 610 | 2 | 0 | |a plán |
| 610 | 2 | 0 | |a Slovensko |
| 100 | 1 | |a Srnková, Ľubica | |